[Event "POL-chT 2nd League"]
[Site "Jastrzebia Gora"]
[Date "2024.09.08"]
[Round "9.53"]
[White "Panczuk, Grzegorz"]
[Black "Pisarek, Jan"]
[Result "1-0"]
[WhiteElo "1867"]
[BlackElo "1959"]
[PlyCount "75"]
[EventDate "2024.08.31"]
[EventType "team-swiss"]
[EventRounds "9"]
[EventCountry "POL"]
[SourceTitle "EXT 2025"]
[Source "ChessBase"]
[SourceDate "2024.10.14"]
[SourceVersion "1"]
[SourceVersionDate "2024.10.14"]
[SourceQuality "1"]
[WhiteTeam "Przemysl Roszada"]
[BlackTeam "Gliwice Politechnika Slaska"]
[WhiteTeamCountry "POL"]
[BlackTeamCountry "POL"]

1. d4 Nf6 2. c4 e6 3. Nc3 Bb4 4. f3 c5 5. d5 d6 6. e4 b5 7. Bd2 Bxc3 8. Bxc3 b4 9. Bd2 exd5 10. cxd5 0-0 11. Ne2 Nh5 12. h4 f5 13. exf5 Ba6 14. Kf2 Nd7 15. g4 Nhf6 16. Nf4 Bxf1 17. Qxf1 Ne5 18. Ne6 Qb6 19. Nxf8 Rxf8 20. Kg3 Nxd5 21. f4 Nd7 22. Qc4 Qc6 23. Rhe1 Kh8 24. Re6 N7f6 25. Qe2 Nc7 26. Re3 d5 27. Re1 Ne4+ 28. Rxe4 dxe4 29. Qxe4 Qb5 30. Qe2 Rd8 31. Qxb5 Nxb5 32. Re5 h5 33. g5 Kg8 34. Be3 Rd3 35. Kf2 Nd6 36. Bxc5 Rd2+ 37. Ke1 Rd3 38. Ke2 1-0

[Event "Krakow Malopolski Cup"]
[Site "Krakow"]
[Date "2022.08.05"]
[Round "4"]
[White "Kotyla, Jan"]
[Black "Panczuk, Grzegorz"]
[Result "1-0"]
[WhiteElo "1429"]
[BlackElo "1686"]
[PlyCount "105"]
[EventDate "2022.08.04"]
[EventType "swiss"]
[EventRounds "9"]
[EventCountry "POL"]
[SourceTitle "CBM 209 Extra"]
[Source "ChessBase"]
[SourceDate "2022.09.30"]
[SourceVersion "1"]
[SourceVersionDate "2022.09.30"]
[SourceQuality "1"]

1. e4 e6 2. f4 d5 3. e5 c5 4. Nf3 Nc6 5. c3 d4 6. Bd3 Nge7 7. 0-0 g6 8. Na3 Nd5 9. Ng5 a6 10. Ne4 Be7 11. Nc4 0-0 12. a4 Rb8 13. a5 f6 14. exf6 Nxf6 15. Qe2 Nd5 16. g3 Qc7 17. Re1 e5 18. fxe5 Nxe5 19. Nxe5 Qxe5 20. Bc4 Kh8 21. d3 Bh3 22. Nf2 Qxe2 23. Rxe2 Rxf2 24. Rxf2 Ne3 25. cxd4 cxd4 26. b3 Ng4 27. Bf4 Rf8 28. Re2 Bf6 29. Bd5 g5 30. Bd2 Ne5 31. Be4 Kg7 32. Rc1 Rf7 33. Bb4 g4 34. Bd2 Nf3+ 35. Bxf3 gxf3 36. Rf2 Be7 37. Rc7 Bg2 38. Rxb7 Kf8 39. Rb8+ Kg7 40. Rb6 Ba3 41. Bh6+ Kg8 42. Rb8+ Bf8 43. Rxf8+ Rxf8 44. Bxf8 Kxf8 45. Rc2 Ke7 46. Rc7+ Kd6 47. Rxh7 Kc5 48. Rc7+ Kb4 49. Rc4+ Kxb3 50. Rxd4 Kc3 51. Rf4 Kxd3 52. Kf2 Bh1 53. h4 1-0

[Event "Warsaw Najdorf Memorial op-B"]
[Site "Warsaw"]
[Date "2021.07.15"]
[Round "6"]
[White "Wieckowski, Michal"]
[Black "Panczuk, Grzegorz"]
[Result "1-0"]
[WhiteElo "1614"]
[BlackElo "1721"]
[PlyCount "83"]
[EventDate "2021.07.10"]
[EventType "swiss"]
[EventRounds "9"]
[EventCountry "POL"]
[SourceTitle "EXT 2022"]
[Source "ChessBase"]
[SourceDate "2021.10.06"]
[SourceVersion "1"]
[SourceVersionDate "2021.10.06"]
[SourceQuality "1"]

1. b3 e5 2. Bb2 Nc6 3. e3 d5 4. Bb5 Bd6 5. Ne2 a6 6. Bxc6+ bxc6 7. 0-0 Nf6 8. f4 Qe7 9. Nbc3 0-0 10. Qe1 a5 11. Qh4 Ba6 12. Rf3 Ne4 13. Qxe7 Bxe7 14. d3 Nxc3 15. Bxc3 e4 16. Rg3 f6 17. Nd4 Bb4 18. Bxb4 axb4 19. dxe4 dxe4 20. Ne6 Rf7 21. Rd1 f5 22. h4 g6 23. Rd4 Re7 24. Nc5 Be2 25. Na4 c5 26. Rd5 Ra5 27. Rxf5 Rd7 28. h5 Rd1+ 29. Kh2 Kg7 30. hxg6 hxg6 31. Rfg5 Rd6 32. f5 Raa6 33. Nxc5 Rxa2 34. Nxe4 Rc6 35. f6+ Kf7 36. Rxg6 Rcxc2 37. Rg7+ Ke6 38. Re7+ Kd5 39. f7 Bf1 40. f8Q Rxg2+ 41. Rxg2 Rxg2+ 42. Kh1 1-0

[Event "Polanica Zdroj op-C 56th"]
[Site "Polanica Zdroj"]
[Date "2020.08.18"]
[Round "4"]
[White "Kejna, Piotr"]
[Black "Panczuk, Grzegorz"]
[Result "1-0"]
[WhiteElo "1767"]
[BlackElo "1695"]
[PlyCount "107"]
[EventDate "2020.08.15"]
[EventType "swiss"]
[EventRounds "9"]
[EventCountry "POL"]
[SourceTitle "CBM 198 Extra"]
[Source "ChessBase"]
[SourceDate "2020.11.30"]
[SourceVersion "1"]
[SourceVersionDate "2020.11.30"]
[SourceQuality "1"]

1. e4 e6 2. d4 d5 3. exd5 exd5 4. Bd3 Bd6 5. Nf3 Ne7 6. Bg5 f6 7. Bh4 c6 8. Nbd2 Bf5 9. Qe2 Qd7 10. 0-0-0 Bxd3 11. Qxd3 0-0 12. Bg3 Na6 13. c3 c5 14. Nf1 c4 15. Qc2 b5 16. a3 Nc7 17. Ne3 a5 18. Rhe1 b4 19. Bxd6 Qxd6 20. axb4 axb4 21. Kd2 Ra2 22. Ke2 bxc3 23. Qxc3 Nb5 24. Qc2 Rb8 25. Rb1 Na3 26. Qa4 Rbxb2+ 27. Rxb2 Rxb2+ 28. Kf1 Nb5 29. Qa8+ Kf7 30. Nf5 Qd7 31. Rxe7+ Qxe7 32. Nxe7 Kxe7 33. Qxd5 c3 34. Qc5+ Kd7 35. Ne1 g6 36. d5 Rb1 37. Ke2 Rb2+ 38. Kd3 Rd2+ 39. Ke3 Nc7 40. Qc6+ Kd8 41. Qxf6+ Kd7 42. Qc6+ Kd8 43. Qxc3 Rxd5 44. Qh8+ Ne8 45. Qxh7 Re5+ 46. Kd2 Re6 47. Nd3 Nf6 48. Qh8+ Ke7 49. Qg7+ Kd6 50. Qf8+ Kc7 51. f3 Nd7 52. Qf4+ Rd6 53. Kc2 Kc6 54. Ne5+ 1-0